| 000 | 00432pab a2200157 454500 | ||
|---|---|---|---|
| 008 | 180718b2003 xxu||||| |||| 00| 0 eng d | ||
| 100 | _aPlahe, Jagjit Kaur | ||
| 245 | _aThe WTO and patenting of life forms: policy options for developing countries | ||
| 260 | _c2003 | ||
| 300 | _ap.29-45. | ||
| 362 | _aFeb | ||
| 650 | _aWorld Trade Organization | ||
| 700 | _aNyland, Chris | ||
| 773 | _aThird World Quarterly | ||
| 909 | _a56393 | ||
| 999 |
_c56393 _d56393 |
||